|
|
|
|
| LEADER |
00690nam a2200193 a 4500 |
| 001 |
c000102287 |
| 003 |
CARM |
| 005 |
00000000000000.0 |
| 008 |
961212s1958 enk 00011 eng d |
| 019 |
1 |
|
|a 12890302
|5 LACONCORD2021
|
| 035 |
|
|
|a (OCoLC)221872742
|5 LACONCORD2021
|
| 040 |
|
|
|a NSL:R
|c NSL:R
|
| 100 |
1 |
|
|a Dern, Peggy.
|
| 245 |
1 |
0 |
|a Dr. Henry's secret love /
|c by Peggy Dern.
|
| 260 |
|
|
|a London :
|b W. Foulsham,
|c 1958.
|
| 300 |
|
|
|a 191 p . ;
|c 18 cm .
|
| 852 |
8 |
|
|b CARM
|h A2:AI24G0
|i A02057
|p 0151440
|f BK
|
| 999 |
f |
f |
|i b154f0ce-d2ad-5a5d-a913-874f542caa09
|s d2ffc90c-6ca5-50d3-bdc8-545dfd601397
|
| 952 |
f |
f |
|p Can circulate
|a CAVAL
|b CAVAL
|c CAVAL
|d CARM 1 Store
|e A02057
|f A2:AI24G0
|h Other scheme
|i book
|m 0151440
|